Skylanders: Swap Force - Statistiques

Statistiques générales
  • Ce quiz a été pris 58 fois
  • Le résultat moyen est 45 sur 56
Statistiques - réponses
Question Réponse % Correct
Qui est Spyro ?
100%
Qui est Pop Fizz ?
100%
Qui est Dune Bug ?
92%
Qui est Star Strike ?
92%
Qui est Hoot Loop ?
92%
Qui est Chop Chop ?
92%
Qui est Cynder ?
92%
Qui est Lightcore Star Strike ?
88%
Qui est Trap Shadow ?
88%
Qui est Rattle Shake ?
88%
Qui est Lightcore Grim Creeper ?
88%
Qui est Roller Brawl ?
88%
Qui est Lightcore Flashwing ?
88%
Qui est Terrafin ?
88%
Qui est Magna Charge ?
88%
Qui est Trigger Happy ?
88%
Qui est Grim Creeper ?
83%
Qui est Prism Break ?
83%
Qui est Scorp ?
83%
Qui est Spy Rise ?
83%
Qui est Wind Up ?
83%
Qui est Stealth Elf ?
83%
Qui est Bumble Blast ?
83%
Qui est Camo ?
83%
Qui est Stink Bomb ?
83%
Qui est Grilla Drilla ?
83%
Qui est Lightcore Bumble Blast ?
83%
Qui est Jet-Vac ?
83%
Qui est Pop Thorn ?
83%
Qui est Night Shift ?
79%
Qui est Slobber Tooth ?
79%
Qui est Doom Stone ?
79%
Qui est Sprocket ?
79%
Qui est Lightcore Countdown ?
79%
Qui est Countdown ?
79%
Qui est Zoo Lou ?
79%
Qui est Boom Jet ?
79%
Qui est Whirlwind ?
79%
Qui est Lightcore Warnado ?
79%
Qui est Lightcore Wham-Shell ?
79%
Qui est Hot Dog ?
79%
Qui est Eruptor ?
79%
Qui est Fire Kraken ?
79%
Qui est Fryno ?
79%
Qui est Scratch ?
75%
Qui est Blast Zone ?
75%
Qui est Free Ranger ?
71%
Qui est Rip Tide ?
71%
Qui est Wash Buckler ?
71%
Qui est Chill ?
71%
Qui est Gill Grunt ?
71%
Qui est Rubble Rouser ?
67%
Qui est Punk Shock ?
67%
Qui est Freeze Blade ?
67%
Qui est Lightcore Smolderdash ?
33%
Qui est Smolderdash ?
25%
Aucun quiz correspondant
Distribution des résultats
% des personnes avec chaque résultat
Percentile par nombre de réponses
Votre historique - résultats
Vous n’avez pas pris ce quiz